Responses for Show #4959 - Thursday, March 16, 2006

Contestants

[<< previous game]

Scott Gardiner, an Army lawyer from Tampa, Florida

Mike Hagesfeld, a software developer from Cleveland Heights, Ohio

Christine Black, an administrative assistant from Warwick, New York (whose 1-day cash winnings total $600)

[next game >>]

Jeopardy! Round responses

SHAKESPEARE
COMEDY OF ERRORS
TWELFTH NIGHT
KING JOHN
MEASURE FOR MEASURE
AS YOU LIKE "IT"
    $200 1
Stratford-on-Avon

Scott
    $200 6
The Pink Panther

Mike
    $200 26
Hercules

Mike
    $200 11
the Magna Carta

Scott
    $200 21
a jigger

Mike
    $200 16
itchy

Mike
    $400 2
a bear

Christine
    $400 7
Raising Arizona

Mike
    $400 27
silk

Scott
    $400 12
Robin Hood

Scott
    $400 22
(Mike: What is 180?)

latitude

MikeScott
    $400 17
Italy

Christine
    $600 3
Hamlet

Mike
    $600 8
(Christine: What is A Day at the Races?)

Horse Feathers

ChristineScott
    $600 28
Shirley Chisholm

Scott
    $600 13
Ireland

Scott
    $600 23
dollhouse

Mike
    $600 18
"Itsy Bitsy Teenie Weenie Yellow Polka Dot Bikini"

Mike
    $800 4
the Globe Theatre

Christine
    $800 9
Bringing Up Baby

Scott
    $800 29
the Electoral College

Scott
    $800 14
Richard the Lionhearted

Christine
    $800 24
a pound

Christine
    $800 19
Itzhak

Mike
    $1000 5
Anne

Christine
    $1000 10
Ruthless People

Triple Stumper
    $1000 30
(Scott: Who is William Henry Harrison?)

Zachary Taylor

Scott
Triple Stumper
    $1000 15
land

Mike
    $1,000 25
1/24

Christine
    $1000 20
(Scott: What is "It is done"?)

"It is finished"

Scott
Triple Stumper

Scores at the first commercial break (after clue 15):

Christine Mike Scott
$2,400 $2,200 $2,800

Scores at the end of the Jeopardy! Round:

Christine Mike Scott
$4,600 $4,400 $3,000

Double Jeopardy! Round responses

WORLD LEADERS
1960s ROCK LYRICS
DON QUIZ-OTE
AIRLINE AD SLOGANS
SURVIVOR GEOGRAPHY
SILENT "G"
    $400 1
Nelson Mandela

Mike
    $400 2
"The Twist"

Mike
    $400 12
Donald Rumsfeld

Scott
    $400 7
(Mike: What is United?)

American Airlines

ChristineMike
    $400 26
the Pacific Ocean

Scott
    $400 17
lasagna

Christine
    $2,000 22
Nicaragua

Scott
    $800 3
"Yesterday"

Mike
    $800 13
Donald Trump

Mike
    $800 8
(Scott: What is Air Italia?)

Alitalia

MikeScott
    $800 27
the Amazon

Christine
    $800 18
resigning

Scott
    $1200 23
Lenin

Scott
    $1200 4
"Light My Fire"

Mike
    $1200 14
(Mike: Who is Don Knotts? Rest in peace.)

Donald O'Connor

ChristineMike
    $1200 9
(Mike: What is United?)
[Alex chuckles at Mike's repeat guess.]

Delta

Mike
Triple Stumper
    $1200 28
(Scott: What is Honduras?)

Guatemala

Scott
Triple Stumper
    $1200 19
a drought

Mike
    $1600 24
Zimbabwe

Mike
    $1600 5
"In The Ghetto"

Christine
    $1600 15
(Mike: Who is Don Newcombe?)
...
(Alex: Yes, Don Newcombe, of course, the famous pitcher.)

Don Budge

MikeScott
    $1600 10
(Christine: What is Continental?)

Eastern

Christine
Triple Stumper
    $1600 29
(Mike: What is Victoria?)

Queensland

MikeScott
    $1600 20
benign

Mike
    $2000 25
(Alex: And that is former chancellor [*].)

Willy Brandt

Triple Stumper
    $2000 6
"Sweet Cherry Wine"

Triple Stumper
    $2000 16
(Donald) Douglas

Christine
    $1,400 11
(Alex: You're right! I thought you might say United!)
(Mike: [Laughs] I thought about it for fun.)

British Airways

Mike
    $2000 30
the South China Sea

Triple Stumper
    $2000 21
(Alex: [Hesitating] We'll accept that.)

sleigh

Scott

Scores at the end of the Double Jeopardy! Round:

Christine Mike Scott
$9,400 $8,600 $11,000

[wagering suggestions for these scores]

Final Jeopardy! Round responses

FOOD LORE
(Alex: [After Scott's response is revealed] They have a lot of those in the military.)
MikeWhat What is a pretzel?
$5,399
ChristineWhat is a hot cross bun?
$5,000
ScottWhat is the Pretzel?
$7,801
the pretzel

Final scores:

Christine Mike Scott
$4,400 $13,999 $18,801
3rd place: $1,000 2nd place: $2,000 New champion: $18,801

Game dynamics:

Coryat scores:

Christine Mike Scott
$9,400 $9,200 $9,800
13 R
(including 1 DD),
2 W
20 R
(including 1 DD),
6 W
18 R
(including 1 DD),
4 W

Combined Coryat: $28,400

[game clues] [game scores] [suggest correction]

Game tape date: Unknown
The J! Archive is created by fans, for fans. Scraping, republication, monetization, and malicious use prohibited; this site may use cookies and collect identifying information. See terms. The Jeopardy! game show and all elements thereof, including but not limited to copyright and trademark thereto, are the property of Jeopardy Productions, Inc. and are protected under law. This website is not affiliated with, sponsored by, or operated by Jeopardy Productions, Inc. Join the discussion at JBoard.tv.